[Event "2BLW 1819 SV Oberursel - DJK Aachen II"]
[Site "?"]
[Date "2019.01.20"]
[Round "5.7"]
[White "Baltic, Fatih"]
[Black "Weber, Samuel"]
[Result "1/2-1/2"]
[WhiteElo "2187"]
[BlackElo "2206"]
[PlyCount "73"]
[EventDate "2019.??.??"]

1. e4 e5 2. Nf3 Nc6 3. Bc4 Bc5 4. d3 Nf6 5. O-O O-O 6. h3 a6 7. Re1 h6 8. Nbd2
d6 9. c3 Ba7 10. Bb3 Be6 11. Bc2 Re8 12. Nf1 d5 13. exd5 Bxd5 14. Ng3 Nh7 15.
Nh5 g6 16. Ng3 Qf6 17. Ne4 Qg7 18. b4 f5 19. Nc5 Bxc5 20. bxc5 Nf6 21. Bb3 Kh7
22. Bxd5 Nxd5 23. Qb3 Qd7 24. Qc4 Rad8 25. Qh4 Qg7 26. Bg5 Rd7 27. d4 e4 28. c4
Ndb4 29. d5 Nd8 30. Bf6 Qf8 31. Nd4 Qxc5 32. Rad1 Qxc4 33. Bxd8 Rexd8 34. Ne6
Re8 35. Ng5+ Kg7 36. Ne6+ Kh7 37. Ng5+ 1/2-1/2

[Event "2BLW 1819 SV Oberursel - DJK Aachen II"]
[Site "?"]
[Date "2019.01.20"]
[Round "5.8"]
[White "Neininger, Ralph"]
[Black "Mohammadi Nia, Borna"]
[Result "1/2-1/2"]
[WhiteElo "2126"]
[BlackElo "2028"]
[PlyCount "82"]
[EventDate "2019.??.??"]

1. Nf3 Nf6 2. c4 g6 3. Nc3 Bg7 4. d4 O-O 5. Bg5 d6 6. e3 c5 7. Be2 cxd4 8. Qxd4
h6 9. Bh4 Nc6 10. Qd2 Bf5 11. O-O Rc8 12. Rac1 Qa5 13. Bxf6 Bxf6 14. Nd5 Qxa2
15. Nxf6+ exf6 16. Qc3 Qa5 17. Qxf6 Qd8 18. Qc3 d5 19. Rfd1 Ne7 20. Nd4 Bd7 21.
Qb3 Qc7 22. Qa3 Rfe8 23. c5 a6 24. Bf3 Qe5 25. b4 Red8 26. Qb3 Ra8 27. Rd2 Nc6
28. Bxd5 Qf6 29. Rcd1 Kg7 30. h3 Be8 31. Bf3 Rab8 32. Nxc6 Bxc6 33. Bd5 Rd7 34.
e4 Rbd8 35. Qe3 g5 36. Qd4 Qxd4 37. Rxd4 Kf6 38. R4d3 Ke5 39. Re3 f5 40. Rde1
f4 41. Rd3 Kf6 1/2-1/2

[Event "2BLW 1819 Aachener SV - SC Hansa Dortmu"]
[Site "?"]
[Date "2019.01.20"]
[Round "5.1"]
[White "Heberla, Bartlomiej"]
[Black "Seel, Christian"]
[Result "1-0"]
[WhiteElo "2550"]
[BlackElo "2490"]
[PlyCount "79"]
[EventDate "2019.??.??"]

1. e4 e5 2. Nf3 Nc6 3. Bb5 Nf6 4. d3 Bc5 5. c3 O-O 6. O-O d5 7. Nbd2 dxe4 8.
dxe4 Qe7 9. Qe2 Bd7 10. b4 Bb6 11. a4 a6 12. Bd3 Nh5 13. Nc4 Rfe8 14. Nxb6 cxb6
15. g3 Bg4 16. Qe3 a5 17. b5 Nb8 18. Nd2 Qc7 19. Nc4 Nd7 20. Ba3 Be6 21. Bd6
Qc8 22. Qe2 Nhf6 23. Rfd1 Bxc4 24. Bxc4 Nc5 25. f3 h5 26. Qa2 Ne6 27. h4 Nd7
28. Rd5 Nc7 29. Rd2 Ne6 30. Rad1 Kh7 31. Kh2 Ndc5 32. Bxe5 Ng5 33. hxg5 Rxe5
34. Bxf7 Rxg5 35. Rd5 Ne6 36. f4 Nxf4 37. Rxg5 Qh3+ 38. Kg1 Rc8 39. gxf4 Rxc3
40. Rxh5+ 1-0

[Event "2BLW 1819 Aachener SV - SC Hansa Dortmu"]
[Site "?"]
[Date "2019.01.20"]
[Round "5.3"]
[White "Klyuner, Vyacheslav"]
[Black "Vandenbussche, Thibaut"]
[Result "0-1"]
[WhiteElo "2444"]
[BlackElo "2437"]
[PlyCount "104"]
[EventDate "2019.??.??"]

1. e4 e6 2. d3 d5 3. Nd2 g6 4. Ngf3 Bg7 5. g3 dxe4 6. dxe4 b6 7. Bb5+ Nd7 8.
Nc4 Ne7 9. Nfe5 a6 10. Nc6 Nxc6 11. Bxc6 Rb8 12. Bf4 O-O 13. Qd2 b5 14. Na5
Bxb2 15. O-O Ne5 16. Qe3 Rb6 17. Rad1 Qf6 18. Bxe5 Qxe5 19. Rd3 Qf6 20. Qc5 e5
21. Qb4 Bh3 22. Qxb2 Bxf1 23. Kxf1 Rxc6 24. Nxc6 Qxc6 25. Qxe5 Qxc2 26. Rd7 c5
27. Qd5 c4 28. e5 Qf5 29. Rc7 Re8 30. f4 g5 31. Qd4 Rc8 32. Rxc8+ Qxc8 33. Ke2
Qf5 34. Kd2 h6 35. Kc3 Kh7 36. fxg5 hxg5 37. Kb4 Qb1+ 38. Kc5 Qxa2 39. Qe3 Qxh2
40. Qxg5 Qh6 41. Qf5+ Qg6 42. Qf3 Kg7 43. Kb4 Qb6 44. Qg4+ Kf8 45. Qg5 a5+ 46.
Kc3 Qg6 47. Qd8+ Kg7 48. Qe7 Qd3+ 49. Kb2 Qd2+ 50. Ka1 Qc3+ 51. Ka2 Qb3+ 52.
Ka1 Qa4+ 0-1

[Event "2BLW 1819 Aachener SV - SC Hansa Dortmu"]
[Site "?"]
[Date "2019.01.20"]
[Round "5.4"]
[White "Piceu, Tom"]
[Black "Scholz, Christian"]
[Result "1-0"]
[WhiteElo "2358"]
[BlackElo "2382"]
[PlyCount "81"]
[EventDate "2019.??.??"]

1. d4 Nf6 2. c4 g6 3. Nc3 Bg7 4. e4 d6 5. f4 O-O 6. Nf3 c5 7. d5 e6 8. Be2 exd5
9. cxd5 Bg4 10. O-O Nbd7 11. h3 Bxf3 12. Bxf3 Qa5 13. Re1 Ne8 14. Be3 b5 15. e5
b4 16. Qa4 Qd8 17. Ne4 dxe5 18. Nxc5 Nb6 19. Qxb4 exf4 20. Bxf4 Nxd5 21. Bxd5
Qxd5 22. Red1 a5 23. Rxd5 axb4 24. Nd3 Ra4 25. Rb5 Bd4+ 26. Kh1 Ng7 27. Bd6 Rc8
28. Rxb4 Rxb4 29. Bxb4 Nf5 30. a4 Ne3 31. a5 Nc2 32. Ra4 Ba7 33. Bc5 Bxc5 34.
Rc4 Rd8 35. Rxc5 Ne3 36. a6 Rxd3 37. Rc8+ Kg7 38. a7 Rd1+ 39. Kh2 Nf1+ 40. Kg1
Ng3+ 41. Kf2 1-0

[Event "2BLW 1819 Aachener SV - SC Hansa Dortmu"]
[Site "?"]
[Date "2019.01.20"]
[Round "5.5"]
[White "Kotter, Ralf"]
[Black "Lemmers, Oscar"]
[Result "0-1"]
[WhiteElo "2372"]
[BlackElo "2334"]
[PlyCount "68"]
[EventDate "2019.??.??"]

1. e4 c5 2. Nf3 e6 3. d4 cxd4 4. Nxd4 a6 5. Nc3 Qc7 6. Bd3 Nf6 7. Qe2 d6 8. O-O
g6 9. Kh1 Bg7 10. f4 O-O 11. Nf3 Nbd7 12. Bd2 b6 13. Rae1 Bb7 14. Qf2 Nc5 15.
Qh4 d5 16. exd5 Nxd5 17. Nxd5 Bxd5 18. Be3 Nxd3 19. cxd3 Qc2 20. Qf2 Qxb2 21.
Re2 Qb5 22. Ne5 f6 23. Rb2 fxe5 24. Rxb5 axb5 25. Qe1 exf4 26. Bf2 f3 27. g3
Rxa2 28. h4 Ra1 29. Qxa1 Bxa1 30. Rxa1 b4 31. Kg1 b3 32. Bd4 e5 33. Bxe5 f2+
34. Kf1 b2 0-1

[Event "2BLW 1819 Aachener SV - SC Hansa Dortmu"]
[Site "?"]
[Date "2019.01.20"]
[Round "5.6"]
[White "Sonntag, Hans-Hubert"]
[Black "Kalka, Arkadius Georg"]
[Result "1/2-1/2"]
[WhiteElo "2337"]
[BlackElo "2331"]
[PlyCount "79"]
[EventDate "2019.??.??"]

1. e4 c5 2. Nf3 e6 3. d4 cxd4 4. Nxd4 Nc6 5. Nc3 Qc7 6. g3 Nf6 7. Ndb5 Qb8 8.
Bf4 e5 9. Bg5 a6 10. Na3 b5 11. Bxf6 gxf6 12. Nd5 Bg7 13. Bh3 O-O 14. c3 d6 15.
Bxc8 Qxc8 16. O-O Rb8 17. Qf3 Kh8 18. Nc2 Qe6 19. Nce3 Ne7 20. Rad1 Nxd5 21.
Rxd5 Rfc8 22. Qe2 Rc6 23. Rfd1 Bf8 24. Qd3 Rc5 25. b3 Rbc8 26. c4 bxc4 27. Nxc4
Rxd5 28. Qxd5 Rd8 29. Qd3 Kg8 30. Ne3 Ra8 31. Nf5 a5 32. Qd5 Ra7 33. Rd2 a4 34.
b4 a3 35. b5 Ra4 36. Kg2 Qxd5 37. Rxd5 Rxe4 38. Rd3 Rb4 39. Rxa3 Rxb5 40. Ra8
1/2-1/2

[Event "2BLW 1819 Aachener SV - SC Hansa Dortmu"]
[Site "?"]
[Date "2019.01.20"]
[Round "5.7"]
[White "Sundorf, Jannik"]
[Black "Klein, Felix"]
[Result "1/2-1/2"]
[WhiteElo "2158"]
[BlackElo "2329"]
[PlyCount "72"]
[EventDate "2019.??.??"]

1. d4 d5 2. c4 e6 3. Nf3 Nf6 4. g3 Be7 5. Bg2 O-O 6. O-O c6 7. Qc2 b6 8. Nbd2
Nbd7 9. e4 Bb7 10. e5 Ne8 11. cxd5 cxd5 12. b3 a5 13. a4 Rc8 14. Qb1 Nc7 15.
Bb2 Na6 16. Rc1 Nb4 17. Bf1 Nb8 18. Rxc8 Qxc8 19. Qd1 Ba6 20. Rc1 Qd7 21. Nb1
Rc8 22. Nc3 Bxf1 23. Qxf1 Rc6 24. Nb5 Rxc1 25. Qxc1 Qc6 26. Ne1 h6 27. Kf1 Qxc1
28. Bxc1 N8c6 29. Ke2 Kh7 30. Ba3 Kg6 31. Bxb4 Nxb4 32. Nd3 Nxd3 33. Kxd3 h5
34. h3 f6 35. exf6 gxf6 36. f4 f5 1/2-1/2

[Event "2BLW 1819 Aachener SV - SC Hansa Dortmu"]
[Site "?"]
[Date "2019.01.20"]
[Round "5.8"]
[White "Meessen, Rudolf"]
[Black "Babar, Michael"]
[Result "1-0"]
[WhiteElo "2254"]
[BlackElo "2158"]
[PlyCount "95"]
[EventDate "2019.??.??"]

1. d4 f5 2. Nc3 d5 3. Bf4 Nf6 4. Nb5 Na6 5. e3 e6 6. Nf3 c6 7. Nc3 Qa5 8. Bd3
Be7 9. O-O O-O 10. a3 Nb8 11. b4 Qd8 12. Na4 Ne4 13. c4 Nd7 14. Nc5 Ndf6 15.
Ne5 g5 16. Bxe4 Nxe4 17. Nxe4 dxe4 18. Bg3 Qe8 19. f3 exf3 20. Qxf3 Bf6 21. c5
Bxe5 22. Bxe5 Qg6 23. a4 Bd7 24. Bd6 Rf7 25. b5 Be8 26. Rab1 a6 27. bxa6 Rxa6
28. Rb4 h6 29. Qe2 Ra7 30. Bb8 Ra8 31. Be5 Rd8 32. Rfb1 Rdd7 33. a5 Kh7 34.
R1b3 Rfe7 35. Qb2 Qh5 36. Rxb7 Qd1+ 37. Kf2 Rxb7 38. Rxb7 Rxb7 39. Qxb7+ Kg6
40. Qb2 Qa4 41. Bc7 Bd7 42. h3 Kf7 43. Qb8 f4 44. Qb1 e5 45. Qh7+ Ke6 46. Bxe5
Qa2+ 47. Kf3 Be8 48. Qxh6+ 1-0

[Event "2BLW 1819 Bochumer SV 02 - SC Remagen S"]
[Site "?"]
[Date "2019.01.20"]
[Round "5.1"]
[White "Dgebuadze, Alexandre"]
[Black "Zaitsev, Mikhail"]
[Result "1/2-1/2"]
[WhiteElo "2476"]
[BlackElo "2467"]
[PlyCount "49"]
[EventDate "2019.??.??"]

1. c4 e5 2. Nc3 Nf6 3. Nf3 Nc6 4. d3 g6 5. g3 Bg7 6. Bg2 O-O 7. O-O d6 8. Rb1
a5 9. a3 Nd4 10. Ne1 c6 11. e3 Nf5 12. Nf3 Re8 13. e4 Nd4 14. Nxd4 exd4 15. Ne2
Nd7 16. b4 axb4 17. axb4 Ra2 18. Bb2 Qb6 19. Qb3 Ra7 20. Ba1 Nf8 21. Kh1 Bg4
22. f3 Bd7 23. f4 Rea8 24. Bb2 Ra4 25. Bc1 1/2-1/2

[Event "2BLW 1819 Bochumer SV 02 - SC Remagen S"]
[Site "?"]
[Date "2019.01.20"]
[Round "5.2"]
[White "Zatonskih, Anna"]
[Black "Popovic, Petar"]
[Result "1-0"]
[WhiteElo "2428"]
[BlackElo "2445"]
[PlyCount "91"]
[EventDate "2019.??.??"]

1. d4 g6 2. e4 Bg7 3. Nf3 d6 4. h3 Nf6 5. Nc3 O-O 6. Be3 Nc6 7. Qd2 e5 8. d5
Ne7 9. O-O-O Bd7 10. g4 b5 11. Bd3 b4 12. Ne2 Nexd5 13. exd5 e4 14. Bxe4 Nxe4
15. Qxb4 Re8 16. Ned4 Rb8 17. Qa3 Qc8 18. Rhe1 a5 19. Nd2 Nc5 20. N2b3 Na4 21.
Kb1 Qa6 22. Bc1 Rxe1 23. Rxe1 Qc4 24. Nc6 Bxc6 25. dxc6 Qxc6 26. Nxa5 Qb5 27.
Qb3 Be5 28. Nc6 Nc3+ 29. bxc3 Rb6 30. Nxe5 Qa5 31. Nd3 Rxb3+ 32. axb3 f6 33. c4
Kf7 34. Re3 h5 35. Bb2 hxg4 36. hxg4 Qg5 37. Rf3 Qxg4 38. Rxf6+ Ke7 39. Bc3 g5
40. Nb4 Qh4 41. Kb2 Kd7 42. Nd5 c6 43. Ne3 Qh2 44. Nf5 d5 45. Rf7+ Kc8 46. Ne7+
1-0

[Event "2BLW 1819 Bochumer SV 02 - SC Remagen S"]
[Site "?"]
[Date "2019.01.20"]
[Round "5.3"]
[White "Cioara, Andrei-Nestor"]
[Black "Illner, Achim"]
[Result "0-1"]
[WhiteElo "2425"]
[BlackElo "2467"]
[PlyCount "90"]
[EventDate "2019.??.??"]

1. d4 d5 2. Nf3 Nf6 3. c4 e6 4. g3 dxc4 5. Bg2 b5 6. a4 c6 7. Ne5 Bb4+ 8. Bd2
Bxd2+ 9. Nxd2 Nd5 10. Ne4 f6 11. Nf3 O-O 12. O-O a5 13. Bh3 Na6 14. Qd2 b4 15.
Qc2 f5 16. Ned2 c3 17. bxc3 bxc3 18. Nb1 Nab4 19. Qc1 Ba6 20. Re1 c5 21. Nxc3
cxd4 22. Nxd4 Rc8 23. Nxe6 Qe7 24. Nxf8 Nxc3 25. Qd2 Qxf8 26. Bg2 Qd8 27. Qb2
Qf6 28. Bf3 Rc5 29. Kg2 Bc4 30. Rec1 Ne4 31. Qxf6 Nxf6 32. Ra3 Nd7 33. Rd1 Ne5
34. Rc1 Kf7 35. Rac3 Ke6 36. Re3 g5 37. Ba8 g4 38. f4 gxf3+ 39. exf3 Kf6 40. h3
Rc8 41. Bb7 Rc7 42. Ba8 Ned3 43. Rc3 Nb2 44. Rc1 Rc8 45. Re2 N2d3 0-1

[Event "2BLW 1819 Bochumer SV 02 - SC Remagen S"]
[Site "?"]
[Date "2019.01.20"]
[Round "5.5"]
[White "Polaczek, Richard"]
[Black "Kiese, Matthias"]
[Result "1-0"]
[WhiteElo "2374"]
[BlackElo "2220"]
[PlyCount "87"]
[EventDate "2019.??.??"]

1. d4 d5 2. Nf3 Nf6 3. c4 e6 4. Nc3 Be7 5. Bg5 O-O 6. e3 Nbd7 7. Rc1 c6 8. Qc2
Ne4 9. Bxe7 Qxe7 10. Nxe4 dxe4 11. Qxe4 Qb4+ 12. Nd2 Qxb2 13. Rb1 Qa3 14. Be2
Qe7 15. O-O Nf6 16. Qe5 b6 17. Bf3 Bb7 18. a4 Rfc8 19. a5 Nd7 20. Qg3 Rab8 21.
Ne4 Ba8 22. axb6 axb6 23. c5 b5 24. Nd6 Rd8 25. Bd1 Nf6 26. Bb3 Ne8 27. Ne4 Bb7
28. f4 f5 29. Ng5 Nc7 30. Rbe1 h6 31. Nf3 Nd5 32. e4 fxe4 33. Rxe4 Qf6 34. Ne5
Ra8 35. Rfe1 Kh8 36. Ng4 Qf5 37. Bxd5 Qxd5 38. Qh4 Rf8 39. Nxh6 gxh6 40. Qxh6+
Kg8 41. Rxe6 Qxd4+ 42. Kh1 Rf7 43. Re8+ Rf8 44. Qxf8+ 1-0

[Event "2BLW 1819 Bochumer SV 02 - SC Remagen S"]
[Site "?"]
[Date "2019.01.20"]
[Round "5.6"]
[White "Jellinghaus, Lars"]
[Black "Alienkin, Aleksander"]
[Result "1-0"]
[WhiteElo "2225"]
[BlackElo "2389"]
[PlyCount "97"]
[EventDate "2019.??.??"]

1. d4 Nf6 2. c4 e6 3. Nc3 Bb4 4. e3 O-O 5. Nge2 d5 6. a3 Be7 7. cxd5 exd5 8. b4
c6 9. Ng3 Bd6 10. Bd3 Re8 11. O-O Ng4 12. h3 Nf6 13. Qf3 a5 14. b5 c5 15. dxc5
Bxc5 16. Bb2 Be6 17. Na4 Be7 18. Nf5 Bxf5 19. Qxf5 Nbd7 20. Rac1 Bd6 21. Rc2 g6
22. Qg5 Be5 23. Bd4 Rc8 24. Rfc1 Rxc2 25. Rxc2 Kg7 26. Qh4 Qe7 27. Nc5 Bxd4 28.
Qxd4 Ne5 29. Be2 Rc8 30. Ne6+ Qxe6 31. Rxc8 Qxc8 32. Qxe5 Qc1+ 33. Bf1 h6 34.
h4 h5 35. g4 hxg4 36. h5 Qxa3 37. h6+ Kxh6 38. Qxf6 g3 39. Qh8+ Kg5 40. f4+ Kf5
41. Bh3+ Ke4 42. Qd4+ Kf3 43. Bg2+ Ke2 44. Bxd5 Qxe3+ 45. Qxe3+ Kxe3 46. Bxb7
Kxf4 47. b6 Ke5 48. Bc6 Kd6 49. Ba4 1-0

[Event "2BLW 1819 Bochumer SV 02 - SC Remagen S"]
[Site "?"]
[Date "2019.01.20"]
[Round "5.7"]
[White "Huhndorf, Arnold"]
[Black "Pewny, Uwe"]
[Result "1/2-1/2"]
[WhiteElo "2245"]
[BlackElo "2203"]
[PlyCount "57"]
[EventDate "2019.??.??"]

1. d4 d6 2. c4 e5 3. Nc3 exd4 4. Qxd4 Nc6 5. Qd2 Nf6 6. b3 a5 7. Bb2 a4 8. Rd1
axb3 9. axb3 Be6 10. e4 g6 11. Nf3 Bg7 12. Be2 O-O 13. O-O Nd7 14. Na4 Bxb2 15.
Qxb2 Qf6 16. Nd4 Nxd4 17. Qxd4 Qxd4 18. Rxd4 Nc5 19. Nxc5 dxc5 20. Rd2 Ra3 21.
Rb1 Rfa8 22. f4 Ra1 23. Rxa1 Rxa1+ 24. Kf2 h5 25. f5 gxf5 26. exf5 Bxf5 27. Rd5
Bg6 28. Rxc5 Rb1 29. Rxc7 1/2-1/2

[Event "2BLW 1819 Bochumer SV 02 - SC Remagen S"]
[Site "?"]
[Date "2019.01.20"]
[Round "5.8"]
[White "Heinbuch, Detlef Ulrich"]
[Black "Busch, Raimund"]
[Result "1/2-1/2"]
[WhiteElo "2290"]
[BlackElo "2217"]
[PlyCount "121"]
[EventDate "2019.??.??"]

1. c4 e6 2. Nf3 d5 3. e3 Nf6 4. b3 Be7 5. Bb2 O-O 6. Be2 c5 7. O-O Nc6 8. cxd5
Nxd5 9. a3 Bf6 10. Ra2 Bxb2 11. Rxb2 b6 12. Rc2 Bb7 13. d3 Qf6 14. Qc1 Rac8 15.
Nbd2 Na5 16. Ne4 Qe7 17. Qb2 f5 18. Ned2 Qf6 19. Qxf6 Nxf6 20. Rfc1 Nd5 21. d4
cxd4 22. Nxd4 Rxc2 23. Rxc2 Rc8 24. Rxc8+ Bxc8 25. b4 Nb7 26. Nc6 Bd7 27. Nxa7
Nc3 28. Bf3 Nd6 29. Bc6 Bxc6 30. Nxc6 Kf7 31. Kf1 Ke8 32. Ke1 Kd7 33. Nd4 e5
34. Nc2 Kc6 35. f3 Kb5 36. g3 Ka4 37. f4 exf4 38. gxf4 Ncb5 39. Ke2 Nxa3 40.
Nxa3 Kxa3 41. Kd3 Kxb4 42. Kd4 b5 43. Nf3 g6 44. Ng5 h6 45. Nf3 Ne4 46. Ne5 Kb3
47. Nxg6 Kc2 48. Ne5 b4 49. Nc4 b3 50. Na5 b2 51. Nc4 b1=N 52. Ke5 Kd3 53. Kxf5
Nbc3 54. Ne5+ Kxe3 55. Ng4+ Kf3 56. Nxh6 Ne2 57. Nf7 Nd4+ 58. Ke5 Nc6+ 59. Kd5
Ne7+ 60. Ke6 Ng8 61. Ng5+ 1/2-1/2

[Event "2BLW 1819 SV Mülheim Nord 1931 II - SG"]
[Site "?"]
[Date "2019.01.20"]
[Round "5.1"]
[White "Jussupow, Artur"]
[Black "Buckels, Valentin"]
[Result "0-1"]
[WhiteElo "2568"]
[BlackElo "2441"]
[PlyCount "128"]
[EventDate "2019.??.??"]

1. d4 Nf6 2. Nf3 e6 3. Bg5 d5 4. e3 c5 5. c3 h6 6. Bh4 Nc6 7. Nbd2 Be7 8. Bd3
cxd4 9. exd4 Nh5 10. Bxe7 Qxe7 11. Ne5 Nf4 12. Bb5 O-O 13. Bxc6 f6 14. Ng6 Nxg6
15. Ba4 e5 16. O-O Be6 17. Qf3 exd4 18. Rae1 Ne5 19. Qg3 dxc3 20. Qxc3 Qd6 21.
Qd4 Bf5 22. Bb3 Rfd8 23. Rd1 Kh8 24. Rfe1 Nc6 25. Qh4 d4 26. Ne4 Qf8 27. Qf4
Bh7 28. h4 d3 29. Ng3 Rd4 30. Qc7 Qc8 31. Qf7 Ne5 32. Qe7 Qd7 33. Qxd7 Rxd7 34.
f4 Nc6 35. f5 Ne5 36. Re4 Rad8 37. Be6 Rc7 38. Nf1 Rc6 39. Rb4 b6 40. Ne3 Bg8
41. Bxg8 Kxg8 42. Rd2 Rcd6 43. Kf2 Rd4 44. Rxd4 Rxd4 45. g3 a5 46. b3 a4 47.
Rb2 b5 48. Ke1 Nd7 49. Kd2 Nc5 50. Kc3 Rd8 51. Kb4 Ne4 52. Rg2 axb3 53. axb3 d2
54. Nd1 Rd5 55. g4 h5 56. gxh5 Kh7 57. Rg4 Nd6 58. Kc3 Nxf5 59. Rg2 Nd6 60. Kc2
Ne4 61. Rg4 f5 62. Rg6 Rc5+ 63. Kd3 Rc1 64. Ke2 f4 0-1

[Event "2BLW 1819 SV Mülheim Nord 1931 II - SG"]
[Site "?"]
[Date "2019.01.20"]
[Round "5.2"]
[White "Rezasade, Amir"]
[Black "Nikolic, Predrag"]
[Result "1/2-1/2"]
[WhiteElo "2354"]
[BlackElo "2576"]
[PlyCount "154"]
[EventDate "2019.??.??"]

1. Nf3 d5 2. g3 g6 3. Bg2 Bg7 4. d4 c6 5. O-O Nh6 6. Nbd2 O-O 7. Re1 f5 8. Nb3
Nf7 9. Nc5 b6 10. Nd3 Nd7 11. Be3 e6 12. Qc1 Ba6 13. Nb4 Bb7 14. c4 Rc8 15. Nd3
Qe7 16. Rb1 c5 17. dxc5 bxc5 18. cxd5 exd5 19. b3 d4 20. Bg5 Qe6 21. Bd2 Be4
22. Qa3 Rfe8 23. Rbc1 Bf8 24. Qa5 Rc6 25. Nf4 Qd6 26. Qa3 Rec8 27. Nd3 Bg7 28.
Bf4 Qe6 29. Ng5 Nxg5 30. Bxg5 h6 31. Bd2 g5 32. f3 Bd5 33. Kh1 Qd6 34. Qb2 Nb6
35. Qa3 c4 36. Qxd6 Rxd6 37. bxc4 Nxc4 38. f4 Be6 39. Bb4 Rdd8 40. fxg5 Ne3 41.
gxh6 Bxh6 42. Rxc8 Rxc8 43. a3 Nxg2 44. Kxg2 Bd5+ 45. Kf1 Be3 46. Nf4 Be4 47.
Ng2 Bc1 48. Rd1 Rc4 49. Ne1 a5 50. Bxa5 Bxa3 51. Bb6 Bb2 52. Nd3 Bc3 53. Ne5
Rb4 54. Ba7 Ra4 55. Bb6 Ra6 56. Bd8 Bc2 57. Rc1 Ra2 58. Bg5 Bb4 59. Nf3 d3 60.
exd3 Ba3 61. Re1 Bxd3+ 62. Kg1 Be4 63. Nh4 Bc5+ 64. Be3 Be7 65. Bf2 Bxh4 66.
gxh4 Kg7 67. Re3 Kh6 68. h3 Kh5 69. Re1 Kg6 70. Re3 Ra1+ 71. Re1 Ra4 72. Be3
Ra2 73. Bg5 Rg2+ 74. Kf1 Rg3 75. Re3 Bg2+ 76. Kf2 Rxe3 77. Kxe3 Bxh3 1/2-1/2

[Event "2BLW 1819 SV Mülheim Nord 1931 II - SG"]
[Site "?"]
[Date "2019.01.20"]
[Round "5.3"]
[White "Wegerle, Joerg"]
[Black "Stillger, Bernhard"]
[Result "1-0"]
[WhiteElo "2404"]
[BlackElo "2233"]
[PlyCount "81"]
[EventDate "2019.??.??"]

1. d4 Nf6 2. Nf3 g6 3. Nc3 d5 4. Bf4 Bg7 5. e3 O-O 6. Be2 Bg4 7. Ne5 Bxe2 8.
Qxe2 c6 9. h4 Nbd7 10. O-O-O Nxe5 11. Bxe5 b5 12. Bxf6 exf6 13. h5 Re8 14. Qf3
f5 15. hxg6 fxg6 16. Ne2 Qg5 17. Rh3 Qg4 18. Rdh1 Qxf3 19. gxf3 h6 20. Nf4 g5
21. Nd3 Re6 22. f4 g4 23. Rh5 Rf8 24. Kd2 Rg6 25. Rg1 Kh7 26. c3 Re6 27. Ke2
Kg6 28. Rgh1 Rh8 29. f3 gxf3+ 30. Kxf3 Rf8 31. Ne5+ Kh7 32. Rg1 a5 33. Rgg5 b4
34. Rxf5 Rb8 35. c4 dxc4 36. Nxc4 a4 37. Ra5 a3 38. bxa3 b3 39. axb3 Rxb3 40.
Ne5 Rd6 41. Ke4 1-0

[Event "2BLW 1819 SV Mülheim Nord 1931 II - SG"]
[Site "?"]
[Date "2019.01.20"]
[Round "5.4"]
[White "Van Meegen, Ruud"]
[Black "Schlecht, Daniel"]
[Result "1/2-1/2"]
[WhiteElo "2255"]
[BlackElo "2375"]
[PlyCount "109"]
[EventDate "2019.??.??"]

1. Nf3 d5 2. e3 Nf6 3. c4 c6 4. Nc3 e6 5. d4 Nbd7 6. b3 Bb4 7. Qc2 O-O 8. Bb2
b6 9. Be2 Bb7 10. O-O Qe7 11. a3 Bd6 12. Rfe1 Rac8 13. e4 Nxe4 14. Nxe4 dxe4
15. Qxe4 Nf6 16. Qh4 Nd7 17. Qh3 Rfe8 18. Bd3 Nf8 19. b4 a5 20. c5 Bc7 21. Be4
axb4 22. axb4 Ra8 23. b5 Qd7 24. cxb6 Bd6 25. Ng5 f5 26. Bxf5 g6 27. Bxe6+ Nxe6
28. Rxe6 Rxa1+ 29. Bxa1 Rxe6 30. Qxe6+ Qxe6 31. Nxe6 cxb5 32. g3 Bd5 33. Nc7
Bxc7 34. bxc7 Bb7 35. Bc3 Kf7 36. d5 Ke7 37. Bb4+ Kd7 38. d6 Ke6 39. f3 Bc8 40.
Kf2 Kd5 41. Ke2 Kc4 42. Bd2 Kd4 43. g4 Bd7 44. h3 Bc8 45. Bf4 Bd7 46. Kd2 Bc8
47. Ke2 Bd7 48. Kd2 Bc8 49. Bh6 Bd7 50. Bg7+ Kd5 51. Bf8 Kd4 52. Be7 Bc8 53.
Bf8 Bd7 54. Bg7+ Kd5 55. Bf8 1/2-1/2

[Event "2BLW 1819 SV Mülheim Nord 1931 II - SG"]
[Site "?"]
[Date "2019.01.20"]
[Round "5.5"]
[White "Schroeder, Kevin"]
[Black "Wittenberg, Andreas"]
[Result "1-0"]
[WhiteElo "2332"]
[BlackElo "2221"]
[PlyCount "113"]
[EventDate "2019.??.??"]

1. d4 e6 2. g3 c5 3. Nf3 b6 4. d5 d6 5. Bg2 Bb7 6. Nc3 Nf6 7. Nh4 e5 8. Bg5
Nbd7 9. Bh3 Qc7 10. e4 Ba6 11. Qf3 h6 12. Bxf6 Nxf6 13. a4 Nh7 14. Bf1 Bxf1 15.
Kxf1 Qd7 16. Qf5 g6 17. Qxd7+ Kxd7 18. a5 Be7 19. Nf3 b5 20. Nxb5 Rhb8 21. c4
a6 22. Nc3 Rxb2 23. Na4 Rab8 24. Nxb2 Rxb2 25. Kg2 Nf6 26. Rhb1 Rxb1 27. Rxb1
Bd8 28. Rb7+ Ke8 29. Ra7 Bxa5 30. Rxa6 Bc7 31. Nd2 Kd7 32. Ra8 Bd8 33. f3 Ne8
34. Nb1 Nc7 35. Rb8 Na6 36. Rb7+ Nc7 37. Nc3 Kc8 38. Rb6 Kd7 39. Rc6 Ne8 40.
Nb5 Be7 41. Ra6 Nf6 42. Ra7+ Kd8 43. Ra8+ Kd7 44. Na7 Ne8 45. Nc6 Bf6 46. Nb8+
Kd8 47. Na6+ Ke7 48. Ra7+ Kf8 49. Rd7 Be7 50. Nb8 Bf6 51. Nc6 Bg5 52. Na7 f5
53. Nc8 fxe4 54. fxe4 Nf6 55. Rxd6 Nxe4 56. Rxg6 Nd2 57. Nd6 1-0

[Event "2BLW 1819 SV Mülheim Nord 1931 II - SG"]
[Site "?"]
[Date "2019.01.20"]
[Round "5.7"]
[White "Berg, Michael"]
[Black "Walter, Andreas"]
[Result "1-0"]
[WhiteElo "2314"]
[BlackElo "2168"]
[PlyCount "63"]
[EventDate "2019.??.??"]

1. d4 d5 2. c4 c6 3. Nf3 Nf6 4. Qb3 dxc4 5. Qxc4 Bg4 6. Nbd2 Nbd7 7. g3 e6 8.
Bg2 Be7 9. O-O O-O 10. Re1 Rc8 11. b4 Nd5 12. a3 Bf6 13. Ne4 e5 14. Nxf6+ Qxf6
15. Bb2 Bxf3 16. exf3 N5b6 17. Qb3 exd4 18. Rad1 c5 19. bxc5 Nxc5 20. Qb4 Ne6
21. f4 Rc4 22. Qb5 Rc5 23. Qb4 Rc4 24. Qb5 Rc5 25. Qb3 Nc4 26. Ba1 b6 27. Be4
Rd8 28. h4 Nd6 29. Bd5 Nb5 30. Qa2 Nxf4 31. gxf4 Qxh4 32. Rxd4 {(ZUe)} 1-0

[Event "2BLW 1819 SV Mülheim Nord 1931 II - SG"]
[Site "?"]
[Date "2019.01.20"]
[Round "5.8"]
[White "Limbourg, Philipp"]
[Black "Hobusch, Jan"]
[Result "0-1"]
[WhiteElo "2229"]
[BlackElo "2217"]
[PlyCount "102"]
[EventDate "2019.??.??"]

1. e4 c6 2. Nc3 d5 3. Nf3 Bg4 4. h3 Bxf3 5. Qxf3 e6 6. Be2 Nf6 7. O-O Nbd7 8.
d3 Bd6 9. Bf4 Qc7 10. Bxd6 Qxd6 11. exd5 cxd5 12. Nb5 Qb6 13. c4 O-O 14. Rfc1
a6 15. Nc3 dxc4 16. dxc4 Rad8 17. b3 Ne5 18. Qg3 Nc6 19. Na4 Qa5 20. Qe3 Rd4
21. Bf3 Rfd8 22. Bxc6 bxc6 23. Qf3 Ne4 24. Re1 f5 25. Rad1 Rd2 26. Rxd2 Qxd2
27. Qe2 Qf4 28. Qe3 Qxe3 29. Rxe3 Rd1+ 30. Kh2 Nxf2 31. Nc3 Rd3 32. Re2 Rxc3
33. Rxf2 Rd3 34. Re2 Kf7 35. Re5 Ke7 36. Ra5 Kd6 37. Rxa6 e5 38. Ra7 e4 39.
Rxg7 f4 40. Kg1 Rd1+ 41. Kf2 Rd2+ 42. Ke1 Rxa2 43. Rg5 Ke6 44. b4 h6 45. Rc5
Rxg2 46. Rxc6+ Ke5 47. b5 f3 48. b6 e3 49. Kd1 e2+ 50. Kd2 Rg1 51. Rc5+ Ke4 0-1

[Event "2BLW 1819 TSV Schott Mainz - SC Remagen"]
[Site "?"]
[Date "2019.02.03"]
[Round "6.1"]
[White "Chatalbashev, Boris"]
[Black "Lobron, Eric"]
[Result "1/2-1/2"]
[WhiteElo "2531"]
[BlackElo "2512"]
[PlyCount "138"]
[EventDate "2019.??.??"]

1. d4 d5 2. c4 e6 3. Nc3 a6 4. cxd5 exd5 5. Nf3 Nf6 6. Bg5 Be6 7. Qb3 Nbd7 8.
Qxb7 Rb8 9. Qxa6 Rxb2 10. a3 Be7 11. g3 O-O 12. Bg2 Ne4 13. Bxe7 Qxe7 14. Nd1
Rb3 15. Qc6 Rxa3 16. Rxa3 Qxa3 17. O-O Rc8 18. Ne3 Nc3 19. Re1 h6 20. g4 Qb2
21. Kf1 Nb8 22. Qc5 Ne4 23. Qc1 Qb6 24. Qb1 Qa7 25. Qb2 Nd7 26. Rc1 Rb8 27. Qc2
Ndf6 28. Ne5 Qa3 29. Nd3 Rb3 30. Qxc7 Nd2+ 31. Kg1 Nc4 32. Nc2 Qa2 33. h3 Rc3
34. Qb8+ Kh7 35. Nde1 Nd7 36. Qb4 Rb3 37. Qe7 Qb2 38. Ra1 Nf6 39. Ra8 Rc3 40.
Qf8 Rxc2 41. Qh8+ Kg6 42. Nf3 Qc1+ 43. Bf1 Nxg4 44. Rg8 Nge3 45. Rxg7+ Kf6 46.
Qxh6+ Ke7 47. Qg5+ Kd7 48. fxe3 Nxe3 49. Ne5+ Kc7 50. Qf4 Nxf1 51. Nd3+ Qxf4
52. Nxf4 Bxh3 53. Nxh3 Ne3 54. Rxf7+ Kc6 55. Nf4 Rd2 56. Kf2 Nc2 57. Rf6+ Kb5
58. Nxd5 Rxd4 59. Nc7+ Kc4 60. Rc6+ Kb3 61. Ne6 Rc4 62. Rd6 Kb4 63. Kf3 Rc3+
64. Kf4 Rc4+ 65. e4 Kc3 66. Rd7 Ne1 67. Kf5 Nd3 68. Nf4 Nc5 69. Ne2+ Kb4
1/2-1/2